[Event "Hamburg HSK Easter op"]
[Site "Hamburg"]
[Date "2024.03.29"]
[Round "1"]
[White "Lehmkuhl, Stefan"]
[Black "Englert, Barbara"]
[Result "1-0"]
[WhiteElo "1900"]
[BlackElo "1537"]
[PlyCount "65"]
[EventDate "2024.03.29"]
[EventType "swiss"]
[EventRounds "7"]
[EventCountry "GER"]
[SourceTitle "CB18_2024"]
[SourceDate "2024.05.01"]
[SourceVersion "1"]
[SourceVersionDate "2024.05.01"]
[SourceQuality "2"]

1. d4 d5 2. c4 e6 3. Nc3 Nf6 4. cxd5 exd5 5. Bg5 Nbd7 6. e3 Bb4 7. Nge2 0-0 8. a3 Be7 9. Rc1 Ne4 10. Bxe7 Qxe7 11. Nxd5 Qh4 12. g3 Qd8 13. Bg2 Nef6 14. Nxc7 Rb8 15. 0-0 Nb6 16. Nb5 a5 17. Nec3 Bd7 18. e4 Bxb5 19. Nxb5 Qd7 20. Qd3 Rfe8 21. Nc3 Rbc8 22. e5 Nfd5 23. Nxd5 Nxd5 24. Qb3 Ne7 25. d5 Rxc1 26. Rxc1 Nf5 27. e6 fxe6 28. dxe6 Qxe6 29. Qxe6+ Rxe6 30. Bd5 Nd4 31. Bxe6+ Nxe6 32. Rc8+ Kf7 33. Rb8 1-0

[Event "Pinneberg-ch 37th"]
[Site "Pinneberg"]
[Date "2019.08.08"]
[Round "1"]
[White "Quitzau, Lukas"]
[Black "Englert, Barbara"]
[Result "1-0"]
[WhiteElo "1679"]
[BlackElo "910"]
[PlyCount "67"]
[EventDate "2019.08.08"]
[EventType "swiss"]
[EventRounds "7"]
[EventCountry "GER"]
[SourceTitle "CBM 192 Extra"]
[Source "Chessbase"]
[SourceDate "2019.11.06"]
[SourceVersion "1"]
[SourceVersionDate "2019.11.06"]
[SourceQuality "1"]

1. d4 d5 2. c4 e6 3. Nc3 Nf6 4. cxd5 exd5 5. Bg5 Be7 6. e3 Bf5 7. Qb3 c6 8. Qxb7 Nbd7 9. Bxf6 Nxf6 10. Qxc6+ Bd7 11. Qa6 0-0 12. Bd3 Qb8 13. Rb1 Bd6 14. h3 Bb4 15. a3 Bd6 16. Nf3 Qc7 17. Bc2 Rfb8 18. Qd3 h6 19. 0-0 Qc8 20. Ne5 Bxh3 21. gxh3 Qxh3 22. Qf5 Qh4 23. Nxd5 Bxe5 24. Qxe5 Re8 25. Nxf6+ gxf6 26. Qh2 Qg4+ 27. Qg2 Qg7 28. Bf5 Kh8 29. Qxg7+ Kxg7 30. Kh2 Kh8 31. Rg1 Rg8 32. Rxg8+ Rxg8 33. Rg1 Rg5 34. Rxg5 1-0

[Event "Hamburg HSK Christmas op 4th"]
[Site "Hamburg"]
[Date "2018.12.27"]
[Round "2"]
[White "Koop, Soeren"]
[Black "Englert, Barbara"]
[Result "1-0"]
[WhiteElo "2096"]
[BlackElo "1238"]
[PlyCount "51"]
[EventDate "2018.12.27"]
[EventType "swiss"]
[EventRounds "7"]
[EventCountry "GER"]
[SourceTitle "CBM 188 Extra"]
[Source "ChessBase"]
[SourceDate "2019.02.26"]
[SourceVersion "1"]
[SourceVersionDate "2019.02.26"]
[SourceQuality "1"]

1. e4 c5 2. Nf3 Nc6 3. d4 cxd4 4. Nxd4 Nf6 5. Nc3 e5 6. Ndb5 d6 7. Nd5 Nxe4 8. Nbc7+ Kd7 9. Nxa8 g6 10. Nac7 Ne7 11. Bb5+ Nc6 12. 0-0 f5 13. Re1 Nc5 14. Be3 Ne6 15. Nxe6 Kxe6 16. f4 Bg7 17. Bc4 Kd7 18. fxe5 Bxe5 19. c3 Qh4 20. Bb5 Qxh2+ 21. Kf1 Qh1+ 22. Bg1 Qh4 23. Bxa7 Re8 24. Bd4 Qh1+ 25. Bg1 Bh2 26. Nf6+ 1-0

[Event "Hamburg-chB"]
[Site "Hamburg"]
[Date "2018.05.19"]
[Round "1"]
[White "Englert, Barbara"]
[Black "Assadollah, Ali"]
[Result "0-1"]
[WhiteElo "1246"]
[BlackElo "1213"]
[PlyCount "73"]
[EventDate "2018.05.19"]
[EventType "swiss"]
[EventRounds "7"]
[EventCountry "GER"]
[SourceTitle "EXT 2020"]
[Source "ChessBase"]
[SourceDate "2019.10.17"]
[SourceVersion "1"]
[SourceVersionDate "2019.10.17"]
[SourceQuality "1"]

1. e4 e6 2. b3 d5 3. Bb2 dxe4 4. Nc3 Nf6 5. Qe2 Bb4 6. 0-0-0 Bxc3 7. dxc3 Qe7 8. g3 e5 9. Kb1 Bg4 10. f3 exf3 11. Nxf3 e4 12. Bg2 exf3 13. Bxf3 Bxf3 14. Qxf3 0-0 15. Rhe1 Qc5 16. c4 Qc6 17. Qf4 Na6 18. Re5 Rad8 19. Bc3 Rxd1+ 20. Kb2 Qd6 21. Qf5 Re8 22. Rxe8+ Nxe8 23. Bxg7 Nxg7 24. Qc8+ Qd8 25. Qxb7 Nc5 26. Qxa7 Qd4+ 27. Ka3 Nxb3 28. Qb8+ Qd8 29. Qxb3 Rb1 30. Qxb1 Qa8+ 31. Kb2 Qb7+ 32. Kc1 Qxb1+ 33. Kxb1 Kf8 34. a4 Ke7 35. a5 Kd6 36. c5+ Kxc5 37. c4 0-1

[Event "Hamburg-chB"]
[Site "Hamburg"]
[Date "2017.06.09"]
[Round "5"]
[White "Englert, Barbara"]
[Black "Grotrian, Pauline"]
[Result "1/2-1/2"]
[WhiteElo "867"]
[BlackElo "877"]
[PlyCount "43"]
[EventDate "2017.06.03"]
[EventType "swiss"]
[EventRounds "6"]
[EventCountry "GER"]
[SourceTitle "CBM 179 Extra"]
[Source "ChessBase"]
[SourceDate "2017.08.23"]
[SourceVersion "1"]
[SourceVersionDate "2017.08.23"]
[SourceQuality "1"]

1. e4 e5 2. Nf3 Nc6 3. d4 d6 4. dxe5 dxe5 5. Qxd8+ Kxd8 6. Bb5 Bd7 7. Nc3 Bc5 8. 0-0 Nf6 9. Bg5 h6 10. Bxf6+ gxf6 11. Nd5 Nd4 12. Bxd7 Nxf3+ 13. gxf3 Kxd7 14. Nxf6+ Ke7 15. Nd5+ Kd6 16. Rad1 Rhg8+ 17. Kh1 Kc6 18. a3 b6 19. b4 Bd6 20. Rg1 Kb7 21. Rxg8 Rxg8 22. Ne3 1/2-1/2

[Event "Hamburg-chB"]
[Site "Hamburg"]
[Date "2017.06.05"]
[Round "3"]
[White "Busch, Paulo"]
[Black "Englert, Barbara"]
[Result "1-0"]
[WhiteElo "991"]
[BlackElo "867"]
[PlyCount "33"]
[EventDate "2017.06.03"]
[EventType "swiss"]
[EventRounds "6"]
[EventCountry "GER"]
[SourceTitle "CBM 179 Extra"]
[Source "ChessBase"]
[SourceDate "2017.08.23"]
[SourceVersion "1"]
[SourceVersionDate "2017.08.23"]
[SourceQuality "1"]

1. e4 c5 2. Nc3 Nc6 3. Bc4 g6 4. d3 e6 5. f4 Bg7 6. Nf3 Nge7 7. 0-0 0-0 8. Be3 d6 9. Qe1 Re8 10. Ng5 h6 11. Nf3 Rb8 12. a4 Bd7 13. Qd2 Nc8 14. f5 Bd4 15. fxg6 Bxe3+ 16. Qxe3 Kg7 17. gxf7 1-0

[Event "Hamburg-chB"]
[Site "Hamburg"]
[Date "2017.06.04"]
[Round "2"]
[White "Malchereck, Romeo"]
[Black "Englert, Barbara"]
[Result "1-0"]
[WhiteElo "835"]
[BlackElo "867"]
[PlyCount "67"]
[EventDate "2017.06.03"]
[EventType "swiss"]
[EventRounds "6"]
[EventCountry "GER"]
[SourceTitle "CBM 179 Extra"]
[Source "ChessBase"]
[SourceDate "2017.08.23"]
[SourceVersion "1"]
[SourceVersionDate "2017.08.23"]
[SourceQuality "1"]

1. e4 c5 2. Nc3 Nf6 3. Bc4 d6 4. Nf3 g6 5. d3 Bg7 6. Bf4 Nc6 7. 0-0 Bg4 8. h3 Bxf3 9. Qxf3 Nd4 10. Qd1 0-0 11. Re1 a6 12. Nd5 Nh5 13. Bg5 f6 14. Be3 Nc6 15. Nb6+ Kh8 16. Nxa8 Qxa8 17. g4 Nf4 18. Bxf4 g5 19. Bd2 Ne5 20. f4 Ng6 21. fxg5 Nh4 22. gxf6 Rxf6 23. Bg5 Nf3+ 24. Kf1 Nh2+ 25. Kg1 Nf3+ 26. Kh1 Nxg5 27. Rf1 Rh6 28. Qd2 Rxh3+ 29. Kg2 Nf3 30. Rxf3 Rxf3 31. Kxf3 Qf8+ 32. Qf4 Qd8 33. Rh1 h6 34. Rxh6+ 1-0

[Event "Hamburg-ch Seniors 23rd"]
[Site "Hamburg"]
[Date "2016.11.09"]
[Round "8"]
[White "Funke, Hermann"]
[Black "Englert, Barbara"]
[Result "1-0"]
[WhiteElo "1665"]
[BlackElo "818"]
[PlyCount "75"]
[EventDate "2016.11.02"]
[EventType "swiss"]
[EventRounds "9"]
[EventCountry "GER"]
[SourceTitle "EXT 2019"]
[Source "ChessBase"]
[SourceDate "2018.10.10"]
[SourceVersion "1"]
[SourceVersionDate "2018.10.10"]
[SourceQuality "1"]

1. e4 c5 2. Nf3 d6 3. d4 cxd4 4. Nxd4 Nf6 5. Nc3 a6 6. f3 e5 7. Nb3 Be6 8. Nd5 Nbd7 9. c4 b5 10. Be3 bxc4 11. Bxc4 Nxd5 12. Bxd5 Rc8 13. 0-0 Nc5 14. Nxc5 dxc5 15. Qa4+ Bd7 16. Qxa6 Be7 17. Rad1 0-0 18. f4 Bf6 19. Qc4 Qe7 20. f5 h6 21. Rf3 Rb8 22. Bxc5 Bb5 23. Qc2 Qc7 24. b4 Be7 25. Rc3 Kh7 26. a4 Be8 27. Bxe7 Qa7+ 28. Bc5 Bxa4 29. Bxa7 Bxc2 30. Rxc2 Rxb4 31. Bc5 Rbb8 32. Bxf8 Rxf8 33. Rc7 Rd8 34. Rxf7 Kg8 35. Rd7+ Kh7 36. Rxd8 h5 37. h4 Kh6 38. Rh8# 1-0